<?xml version="1.0" encoding="UTF-8"?>
<marc:record xmlns:marc="http://www.loc.gov/MARC21/slim">
   <marc:leader>00000nam a2200000 a 4500</marc:leader>
   <marc:datafield ind1="1" ind2=" " tag="100">
      <marc:subfield code="a">Hula, Saskia</marc:subfield>
      <marc:subfield code="4">aut</marc:subfield>
      <marc:subfield code="e">Verfasser/-in</marc:subfield>
   </marc:datafield>
   <marc:datafield ind1="0" ind2="0" tag="245">
      <marc:subfield code="a">Der Kater Romeo - Lesespaß</marc:subfield>
   </marc:datafield>
   <marc:datafield ind1="0" ind2="0" tag="245">
      <marc:subfield code="b">Romeo macht was er will</marc:subfield>
   </marc:datafield>
   <marc:datafield ind1="0" ind2="0" tag="245">
      <marc:subfield code="c">Hula, Saskia</marc:subfield>
   </marc:datafield>
   <marc:datafield ind1=" " ind2="1" tag="264">
      <marc:subfield code="a">Innsbruck</marc:subfield>
      <marc:subfield code="b">Obelisk-Verlag</marc:subfield>
      <marc:subfield code="c">2008</marc:subfield>
   </marc:datafield>
   <marc:datafield ind1="1" ind2=" " tag="520">
      <marc:subfield code="a">Juliane hat alles, was sie sich schon immer gewünscht hat: den prächtigen schwarzen Kater Romeo, die liebevolle Katzenmutter Kugelbauch und das Allerbeste: das wahnsinnig süße Katzenbaby Othello. Da ziehen neue Nachbarn im Nachbarhaus ein - mit einem Buben: Ivo geht zwar mit Juliane in eine Klasse, aber Freunde werden sie nicht. Und als sie gar sieht, wie Ivo ihren Romeo mit Wurst in seinen Garten lockt, da wird Juliane böse. Doch eines Tages ist auf einmal alles anders...&#xD;
&#xD;
Auch der dritte Band der Abenteuer von Juliane und Romeo ist wieder ein lustiger Lesespaß für Kinder, die gerade Lesen gelernt haben.</marc:subfield>
   </marc:datafield>
   <marc:datafield ind1=" " ind2=" " tag="020">
      <marc:subfield code="a">9783851975604</marc:subfield>
      <marc:subfield code="9">9783851975604</marc:subfield>
   </marc:datafield>
   <marc:datafield ind1=" " ind2=" " tag="041">
      <marc:subfield code="a">ger</marc:subfield>
   </marc:datafield>
   <marc:datafield ind1=" " ind2=" " tag="300">
      <marc:subfield code="b">Ill.</marc:subfield>
   </marc:datafield>
   <marc:datafield ind1=" " ind2=" " tag="300">
      <marc:subfield code="a">69 Seiten</marc:subfield>
   </marc:datafield>
</marc:record>
